History - American | 1 | 7 | 0 | 0 | 85 | 55 | 97.38 | 0 | 2 |
History - Cross, Historiography, and Miscellaneous | 0 | 4 | 0 | 0 | 40 | 94 | 109.50 | 0 | 0 |
Other - Other Academic and General Knowledge | 1 | 2 | 0 | 0 | 35 | 57 | 83.67 | 0 | 0 |
History - World | 0 | 3 | 0 | 0 | 30 | 65 | 93.33 | 0 | 0 |
Fine Arts - Miscellaneous | 0 | 3 | 0 | 0 | 30 | 108 | 125.33 | 0 | 0 |
Current Events - U.S. | 1 | 1 | 0 | 0 | 25 | 22 | 50.00 | 1 | 2 |
Literature - American | 1 | 1 | 0 | 0 | 25 | 73 | 83.00 | 0 | 0 |
RMP - Christian Practice | 0 | 2 | 0 | 0 | 20 | 108 | 112.00 | 0 | 0 |
Current Events - World | 0 | 2 | 0 | 0 | 20 | 76 | 92.00 | 0 | 0 |
Social Science - Economics | 1 | 0 | 0 | 0 | 15 | 65 | 65.00 | 0 | 0 |
RMP - Philosophy | 1 | 0 | 0 | 0 | 15 | 65 | 65.00 | 0 | 0 |
Fine Arts - Photography | 0 | 1 | 0 | 0 | 10 | 132 | 132.00 | 0 | 0 |
Fine Arts - Music | 0 | 1 | 0 | 0 | 10 | 124 | 124.00 | 0 | 0 |
Fine Arts - Jazz | 0 | 1 | 0 | 0 | 10 | 130 | 130.00 | 0 | 0 |
Social Science - Psychology | 0 | 1 | 0 | 0 | 10 | 121 | 121.00 | 0 | 0 |
Science - Biology | 0 | 1 | 0 | 0 | 10 | 115 | 115.00 | 0 | 0 |
Science - Engineering and Miscellaneous | 0 | 1 | 0 | 0 | 10 | 113 | 113.00 | 0 | 0 |
Fine Arts - Painting | 0 | 1 | 0 | 0 | 10 | 91 | 91.00 | 0 | 0 |
RMP - Jewish Practice | 0 | 1 | 0 | 0 | 10 | 110 | 110.00 | 0 | 0 |
RMP - World Mythology | 0 | 1 | 0 | 0 | 10 | 87 | 87.00 | 0 | 0 |
Literature - European | 0 | 0 | 0 | 0 | 0 | | 0.00 | 0 | 0 |
History - European | 0 | 0 | 0 | 0 | 0 | | 0.00 | 0 | 0 |
Literature - British | 0 | 0 | 0 | 0 | 0 | | 0.00 | 0 | 0 |